Normal view
MARC view
- UBAID UMAR DR
Entry Personal Name
001 - CONTROL NUMBER
- control field: 70127
003 - CONTROL NUMBER IDENTIFIER
- control field: NUST
005 - DATE AND TIME OF LATEST TRANSACTION
- control field: 20210628204358.0
008 - FIXED-LENGTH DATA ELEMENTS
- fixed length control field: 210628|| aca||aabn | a|a d
040 ## - CATALOGING SOURCE
- Original cataloging agency: NUST
- Transcribing agency: NUST
100 ## - HEADING--PERSONAL NAME
- Personal name: UBAID UMAR DR
670 ## - SOURCE DATA FOUND
- Source citation: Work cat.: (NUST): UBAID UMAR DR., TH-SOF-1265-ARCHITECTURE DESIGN OF JPEG CODEC ON FPGA, 2016
